| Tag |
First Indicator |
Second Indicator |
Subfields |
| LEADER |
00000cam a2200000 4500 |
| 001 |
in00000099013 |
| 005 |
20150926125553.0 |
| 008 |
760220s1933 azu s00100 engx |
| 010 |
|
|
|a gs 34000035
|
| 035 |
|
|
|a (OCoLC)02003102
|
| 035 |
|
|
|9 AAL3694AM
|
| 040 |
|
|
|a DLC
|c AZN
|d TXA
|d UtOrBLW
|
| 049 |
|
|
|a TXAM
|c [246598]
|
| 050 |
0 |
0 |
|a TN24.A6
|b A35 no.135
|
| 100 |
1 |
|
|a Wilson, Eldred Dewey,
|d 1898-1965.
|
| 245 |
1 |
0 |
|a Arizona gold placers and placering.
|
| 264 |
|
1 |
|a Tucson, Ariz. :
|b University of Arizona,
|c [1933]
|
| 300 |
|
|
|a 148 pages :
|b illustrations,maps. ;
|c 23 cm.
|
| 336 |
|
|
|a text
|b txt
|2 rdacontent
|
| 337 |
|
|
|a unmediated
|b n
|2 rdamedia
|
| 338 |
|
|
|a volume
|b nc
|2 rdacarrier
|
| 490 |
1 |
|
|a Arizona. Bureau of Mines. Bulletin no.135
|
| 490 |
1 |
|
|a Mineral technology series no.35
|
| 490 |
0 |
|
|a University of Arizona Bulletin, vol.IV, no.6, August 15, 1933
|
| 504 |
|
|
|a Bibliographical foot-notes.
|
| 650 |
|
0 |
|a Gold mines and mining
|z Arizona.
|
| 830 |
|
0 |
|a Bulletin (Arizona Geological Survey) ;
|v no. 135.
|
| 830 |
|
0 |
|a Bulletin (Arizona Geological Survey).
|p Mineral technology series ;
|v no. 35.
|
| 999 |
|
|
|a MARS
|
| 999 |
f |
f |
|s 29a79651-e2a6-3d67-9af3-2baac58f13ad
|i cddbbb8a-d419-3f5f-a7fb-cbd5e43f06d4
|t 0
|
| 952 |
f |
f |
|a Texas A&M University
|b College Station
|c Sterling C. Evans Library
|s Evans stk
|d Evans: Library Stacks
|t 0
|e TN24.A6 A35 no.133-135
|h Library of Congress classification
|
| 998 |
f |
f |
|a TN24.A6 A35 no.133-135
|t 0
|l Evans: Library Stacks
|